| 000 | 00480cam a2200169 a 4500 | ||
|---|---|---|---|
| 020 | _a9780240810898 (pbk. : alk. paper) | ||
| 020 | _a0240810899 (pbk. : alk. paper) | ||
| 040 | _cDLC | ||
| 082 | _a792 FOC 2009 A088 Co. | ||
| 100 | 1 | _aRabiger, Michael. | |
| 245 | 1 | 0 | _aDirecting the documentary / |
| 250 | _a5th ed. | ||
| 260 |
_aAmsterdam ; _aBoston : _bFocal Press/Elsevier, _cc2009. |
||
| 300 |
_axii, 660 p. : _bill. ; _c26 cm. |
||
| 650 | 0 | _aDocumentary films | |
| 942 | _cEK | ||
| 999 |
_c14932 _d14932 |
||